| 000 | 00487nam a2200169 4500 | ||
|---|---|---|---|
| 001 | 108980 | ||
| 003 | ES-MaACL | ||
| 005 | 20230906184743.0 | ||
| 007 | t| | ||
| 008 | 061121s1977 sp r ||||1| spa d | ||
| 100 | 1 |
_aMoya, Gonzalo. _983952 |
|
| 245 | 1 | 0 |
_aBilingúismo y trastornos del lenguaje en España / _cGonzalo Moya, Jesús Lago. |
| 260 |
_aMadrid : _bSaltés, _c1977. |
||
| 300 |
_a291 p. ; _c21 cm. |
||
| 700 | 1 |
_aLago, Jesús. _969581 |
|
| 852 |
_aES-MaACL _jA-7783 _bR.96639 |
||
| 999 |
_c108980 _d108980 |
||